Normal view
MARC view
- هاشم، احمد اسماعيل/ترجمة، Ormrod,Jeanne Ellis
Entry Personal Name
001 - CONTROL NUMBER
- control field: 43051
003 - CONTROL NUMBER IDENTIFIER
- control field: JO-AjAnu
005 - DATE AND TIME OF LATEST TRANSACTION
- control field: 20230606081134.0
008 - FIXED-LENGTH DATA ELEMENTS
- fixed length control field: 230606|| aca||aabn | a|a d
040 ## - CATALOGING SOURCE
- Original cataloging agency: JO-AjAnu
- Transcribing agency: JO-AjAnu
100 ## - HEADING--PERSONAL NAME
- Personal name: هاشم، احمد اسماعيل/ترجمة، Ormrod,Jeanne Ellis
670 ## - SOURCE DATA FOUND
- Source citation: Work cat.: (JO-AjAnu)22048: هاشم، احمد اسماعيل/ترجمة، Ormrod,Jeanne Ellis, author, عقولنا وذاكراتنا :تقوية التفكير والتعلم في كل الأعمار= Our Minds and Memories: Enhancing Thinking and Learning at All Ages